000 01026cam a2200253 4500
001 ABS61805
008 000000n2000 000 0 eng u
035 _a(Sirsi) u103826
100 _aVivian, J.
245 _aLandlords and tenants mix it
260 _c2000
490 _aProperty Week
_v65(2) 14 January 2000, 62-63(2)
520 _aPoints out some of the pitfalls of clustering certain retail tenants together, in particular whether tenant mix represents reasonable grounds for withholding permission for an assignment of change of use. Also explains the negative impact on rent rent reviews of imposing tight use restrictions on tenants. Refers to case law.
590 _aABS
650 _aMIXED USE
650 _aCHANGE OF USE
650 _aASSIGNMENT OF LEASES
650 _aMOSS BROS GROUP PLC V CSC PROPERTIES LTD
650 _aCHELSFIELD MH INVESTMENTS V BRITISH GAS PLC
650 _aSHOPPING CENTRES
650 _aRENT REVIEWS
690 _aLANDLORD AND TENANT-BUSINESS TENANCIES
942 _n0
999 _c62346
_d62346